Представление документа в формате MARC21

Поле Инд. ПП Название Значение
Тип записи a
Библиографический уровень m
001 Контрольный номер 271c450c-6b3c-4365-aa99-3383d16f2727
005 Дата корректировки 20160129152039.8
008 Кодируемые данные 060210
020 c Цена, тираж б/ц
040 a Служба первич. каталог. НБ ТвГУ
041 0_ a Код языка текста rus
080 a Индекс УДК 81'42(043.3)
084 a Индекс другой классификации/Индекс ББК Ш102.23я031
a Индекс другой классификации/Индекс ББК Ш107я031
090 a Полочн. индекс Ш102.2
x Авторский знак М41
100 1_ a Автор Мегентесов Сергей Александрович
245 10 a Заглавие Импликативные связи как фактор семантической организации текста
b Продолж. заглавия автореф. дис. ... канд. филол. наук : 10.02.19
c Ответственность Моск. гос. пед. ин-т иностр. яз. им. Мориса Тореза
260 1_ a Место издания Москва
c Дата издания 1981
300 a Объем 27 с.
b Иллюстрации/ тип воспроизводства ил.
500 a Примечание На правах рукоп.
504 a Библиография Библиогр.: с. 27 и в подстроч. примеч.
583 a Действие Получение впервые 39 09.02.2006
650 04 a Основная рубрика Языкознание
x Основная подрубрика Синтаксис
650 04 a Основная рубрика Текст (лингв.)
653 0_ a Ключевые слова Авторефераты
a Ключевые слова Лингвистика текста
a Ключевые слова Синтаксис
a Ключевые слова Сложное синтаксическое целое
a Ключевые слова Текст (лингв.)
a Ключевые слова Языкознание
852 41 t Порядковый номер экземпляра 1
p Инвентарный номер б/н
888 a Бесплатные
930 a Новая/Ретро авторефераты
952 p 39.2006 б/ц 1 б/н
c Вид литературы А/Р н
954 a Дата поступления на обработку 20060322
999 a Подразделение 2 ч.з.